000 00969cam a2200253 4500
001 WB3712-45
008 000000n2001 000 0 eng u
035 _a(Sirsi) u111599
245 _aPlantations struggle in difficult sector
260 _c2001
490 _aFarmers' Weekly
_v134(11) 16 March 2001, 93(1)
520 _aThe average price per stocked acre fell 7% from £777 in 1999 to £723 in 2000 according to FPD Savills' latest forestry market report. Timber prices, however, appear stable, due to reduced harvesting in the UK as more woodland is acquired for recreational purposes and continued exemption from capital gains, income and inheritance tax.
590 _aWB
650 _aCAPITAL GAINS TAX
650 _aFORESTRY MARKET
650 _aFORESTS
650 _aINCOME TAX
650 _aINHERITANCE TAX
650 _aTAX EXEMPTIONS
650 _aTIMBER
650 _aWOODLANDS
690 _aRURAL-AGRICULTURE AND FORESTRY
942 _n0
999 _c66492
_d66492